Guess the Old Hollywood Movie by Hint - Statistics

General Stats
  • This quiz has been taken 98 times
  • The average score is 5 of 15
Answer Stats
Plot: Starring: Answer % Correct
Corporate man finds his cute coworker unconcious in his home Jack Lemmon The Apartment
72%
Beautiful chaffeur’s daughter returns from Paris and has to choose between two brothers Humphrey Bogart Sabrina
63%
Insurance agent and sexy housewife fall in love—and kill the husband Fred MacMurray Double Indemnity
52%
Boy wants the attention of his religious father in WW1 South USA James Dean East of Eden
49%
Coworkers hate each other not knowing that they are actually penpals James Stewart The Shop Around the Corner
46%
Cabaret singer and playboy fall in love but they are both engaged Deborah Kerr An Affair to Remember
37%
Wife plans to kill mentally unstable husband during their honeymoon Marilyn Monroe Niagara
37%
Widow buys new house in seaside England—also inhabited by a sexy nautical ghost Gene Tierney The Ghost and Mrs Muir
33%
Eight professors host cabaret girl pursued by police to help them write a dictionary Barbara Stanwyck Ball of Fire
31%
Nightclub dancer poses for a magazine and becomes instantly famous—much to her boyfriend’s disapproval Gene Kelly Cover Girl
24%
Newly engaged man doesn’t want to work in father-in-law’s bank and falls in love with his fiancée’s cheerful sister Katharine Hepburn Holiday
21%
Publicist does anything to climb up the press ladder—including helping big newspaper man break his sister’s engagement Tony Curtis Sweet Smell of Success
15%
Irish sailor gets caught into a mess when he falls for his boss’ charming wife Rita Hayworth The Lady from Shanghai
13%
Woman cannot choose between the two men she loves—so she dates them both Miriam Hopkins Design for Living
10%
Race car driver misplaces money for car because of gorgeous pool manager Ann Margret Viva Las Vegas
10%
No matching quizzes found
Score Distribution
Percent of People with Each Score
Percentile by Number Answered
Your Score History
You have not taken this quiz